[Event "Corus Wijk aan Zee"]
[Site " Wijk aan Zee"]
[Date "2007.01.21"]
[Round "8"]
[White "GM Radjabov, Teimour (AZE) "]
[Black "GM Aronian, Levon (ARM) "]
[Result "0-1"]
[WhiteElo "2729"]
[BlackElo "2744"]
[Annotator "Ëåîíèä Ýëüêèí"]
[PlyCount "130"]
[EventDate "2007.01.??"]
[EventType "tourn"]
[EventCountry "NED"]
[EventCategory "19"]
[Source "CrestBook.com"]

1. d4 Nf6 2. c4 e6 3. Nf3 d5 4. Nc3 Bb4 5. cxd5 exd5 6. Bg5 Nbd7 7. e3 {
Çàùèòà Ðàãîçèíà? Âåñòôàëüñêèé âàðèàíò ôåðçåâîãî ãàìáèòà? Äëÿ îïðåäåëåíèÿ
ïîñòîÿííî ïðèìåíÿåìîé Àðîíÿíîì ñõåìû èñïîëüçóåòñÿ íåñêîëüêî íàçâàíèé.} c5 8.
Be2 ({Áîëåå ïîïóëÿðíî} 8. Bd3) 8... Qa5 9. O-O O-O 10. Qc2 ({
Àëüòåðíàòèâîé ýòîìó õîäó ìîæåò ñëóæèòü ñèìïàòè÷íûé óäàð} 10. Nxd5 $5 {
Îí âñòðå÷àëñÿ íà ïðàêòèêå âñåãî äâàæäû, è â îáåèõ ïàðòèÿõ áåëûå ïîëó÷èëè
ïåðåâåñ è äîâåëè åãî äî ïîáåäû! Ïî âñåé âèäèìîñòè, ó ÷¸ðíûõ äîëæíî áûòü
óðàâíåíèå - èíîãî îáúÿñíåíèÿ äâàäöàòèëåòíåìó îòñóòñòâèþ ïàðòèé íà ýòó òåìó íå
íàéòè.  Íàâåðíîå, äåëî çàêëþ÷àåòñÿ â ñëåäóþùåì:} {Íà} Nxd5 11. a3 {
, âñòðåòèâøåìñÿ âî âñòðå÷å Komljenovic,D (2395)-Lazarov,A (2200), Ruse 1984)..
.} ({À íà} 11. dxc5 {ïðàâèëüíàÿ ðåàêöèÿ} h6 $1 12. Bh4 g5 13. Bg3 g4) {åñòü}
11... Bc3 $1 12. bxc3 h6 $1) 10... Bxc3 11. bxc3 Ne4 ({Ïðè ñëîíå íà d3 ÷¸ðíûå
îáû÷íî ôèêñèðóþò ïðîñòðàíñòâåííûé ïåðåâåñ íà ôåðçåâîì ôëàíãå ïóò¸ì} 11... c4
{Ñåé÷àñ æå ýòîò õîä íå áûë áû âûèãðûøåì òåìïà.}) 12. c4 cxd4 13. cxd5 Re8 14.
Rad1 (14. Rfd1 {ïðèâîäèëî òîëüêî ê óðàâíåíèþ èãðû ïîñëå} h6 15. Bf4 dxe3 16.
Bxe3 Ndf6) 14... h6 {Ëåâîí ïðèíèìàåò âûçîâ. Ìîæíî áûëî ïðîñòî çàáðàòü íà å3,
íå äàâàÿ ñëîíó â âàðèàíòàõ ñ 15. fe ïîäêëþ÷èòüñÿ ÷åðåç ïîëå å1. Îäíàêî
àðìÿíñêèé ãðîññìåéñòåð ïîëàãàåò, ÷òî åãî ïîçèöèîííûå ïëþñû âåñîìåå, ÷åì
èíèöèàòèâà ñîïåðíèêà.} 15. Bh4 ({Êàê ïîêàçàëà ïàðòèÿ, áåëûì íå óäà,òñÿ ðàçâèòü
èíèöèàòèâó, ïîýòîìó ñòîèëî ñïîêîéíî ñûãðàòü} 15. Bf4 $6 dxe3 16. Bxe3 {
ñ óðàâíåíèåì.}) 15... dxe3 16. fxe3 {# Êðèòè÷åñêàÿ ïîçèöèÿ! Ïîïûòàåìñÿ å,
îöåíèòü. Ñòðàòåãè÷åñêèé êîíôëèêò íàëèöî! Ó ÷¸ðíûõ ëó÷øàÿ ïåøå÷íàÿ
ñòðóêòóðà, çàòî ó áåëûõ - ïåðåâåñ â ðàçâèòèè ïðè äâóõ ñëîíàõ. Îáðàòèòå
âíèìàíèå íà ñëîíà ñ8: ó íåãî ïîêà íåò íè îäíîãî õîäà! À âåäü ëàäüÿ ñ à8 íå
âîéä,ò â èãðó, ïîêà íå áóäåò ðàçâèò ñëîí!  Êîãäà ÿ ñëåäèë çà ïàðòèåé â îíëàéíå,
ìíå êàçàëîñü, ÷òî ïî èòîãàì äåáþòà áåëûå ñóìåëè ïîñòàâèòü ïåðåä ÷¸ðíûìè
íåêîòîðûå ïðîáëåìû. Îäíàêî ýòî íå òàê. ×¸ðíûå òî÷íîé èãðîé äîáèâàþòñÿ
âûãîäíûõ óïðîùåíèé. Íåîáõîäèìî ó÷åñòü òîò ôàêò, ÷òî äî ñèõ ïîð Àðîíÿí èãðàë
î÷åíü áûñòðî. Ñîçäàâøàÿñÿ ïîçèöèÿ ÿâíî áûëà åìó õîðîøî çíàêîìà. À Ðàäæàáîâ,
ñóäÿ ïî çàòðàòàì âðåìåíè, âñå ñâîè ðåøåíèÿ ïðèíèìàë çà äîñêîé.} Nc3 $1 {
Íà ýòîò ñìåëûé õîä ïîä ñâÿçêó, êîòîðûé âåä,ò ê ïðåèìóùåñòâó ÷åðíûõ, ÷åëîâåêó
òðóäíî ðåøèòüñÿ çàäîñêîé!} 17. Be1 $6 {Ïîñëå ýòîãî õîäà óñèëåíèÿ èãðû áåëûõ ÿ
óæå íå íàø,ë. Íî è ïîñòàâèòü îäèí çíàê âîïðîñà - ðóêà íå ïîäíÿëàñü: âûáîð áûë
íåë,ãêèì.} ({Ñìîòðèì äðóãîé âàðèàíò} 17. Rd4 $5 {Òåïåðü ïîñëå} Rxe3 ({
À â ñëó÷àå} 17... Nxd5 18. Be1 Qc7 19. Qxc7 Nxc7 20. Bg3 Ne6 21. Rc4 b6 {
áåëûå îñòàþòñÿ áåç ïåøêè, íî äâà ñëîíà îñòàâëÿþò èì øàíñû íà ñïàñåíèå.}) 18.
Bd3 {÷åðíûå ôèãóðû ïîäâèñàþò â âîçäóõå} {
. Îäíàêî ìîæíî ïîæåðòâîâàòü êà÷åñòâî ïóòåì} Qc5 $1 ({Òîëüêî íå} 18... Nxd5 $2
19. Be1 Qb6 20. Bf2 N7f6 21. Rb1 Qe6 22. Bxe3 Qxe3+ 23. Qf2 {
è ó áåëûõ ÷óòü ëó÷øå.}) 19. Qf2 Rxf3 20. gxf3 Ne5 {ñ êîìïåíñàöèåé}) 17...
Rxe3 18. Bd3 {Ñîïåðíèêè èñïîëíÿþò íà äîñêå ôîðñèðîâàííûé âàðèàíò} Qc5 19. Qxc3
Rxe1+ 20. Qxc5 Rxf1+ 21. Bxf1 Nxc5 {Âîò, â îáùåì-òî, è âñ¸. Êîìïüþòåðû íå
ïðàâû, îòäàâàÿ ÷¸ðíûì ïðåèìóùåñòâî â æàëêèå ïîëïåøêè. Íà ñàìîì äåëå ïîçèöèÿ
Àðîíÿíà óæå âûèãðàíà, îñòàëîñü òîëüêî ïðîÿâèòü òåõíèêó.   âñ¸ äåëî â òîì, ÷òî
ïðîõîäíàÿ áåëûõ íèêóäà íå èä,ò. À ðàç òàê - îíà ÿâëÿåòñÿ íå êîìïåíñàöèåé çà
îòñóòñòâóþùóþ ïåøêó, à áóäóùåé ñëàáîñòüþ. ×¸ðíûì íàäî àêòèâèçèðîâàòü
ôèãóðû è ïðèâåñòè êîðîëÿ â öåíòð. Âîñïðåïÿòñòâîâàòü ïðåòâîðåíèþ â æèçíü ýòîãî
íåõèòðîãî ïëàíà áåëûå íå â ñèëàõ.} 22. Ne5 Nd7 ({Âîçìîæíî áûëî è íåìåäëåííîå} 
22... Bf5 {, íî Ëåâîí ïåðåâîäèò êîíÿ íà f6 ñ òåì, ÷òîáû íàïàäåíèåì íà ïåøêó
d5 ëèáî ñêîâàòü ôèãóðû ñîïåðíèêà, ëèáî âûíóäèòü å, ïðîäâèæåíèå íà d6, ïîñëå
÷åãî ó ñëîíà ïîÿâëÿåòñÿ îòëè÷íîå ïîëå e6.}) 23. Nc4 Nf6 24. Be2 Bd7 25. Bf3
Rd8 26. Ne5 Bf5 27. d6 Nd7 28. Nc4 b6 29. a3 Kf8 30. Kf2 Rc8 31. Ne3 Be6 32.
Nd5 Rc2+ 33. Kg3 Ne5 {# Ôèãóðû ÷¸ðíûõ çàìåòíî àêòèâèçèðîâàëèñü. Òåïåðü óæå
âèäíî, ÷òî çà ïåøêó ó Òåéìóðà íåò íèêàêîé êîìïåíñàöèè. Ñàìîå ïå÷àëüíîå äëÿ
áåëûõ òî, ÷òî îíè íèêàê íå ìîãóò «óïåðåòüñÿ ðîãîì íà ìåñòå» è âûíóæäåíû
ëîâèòü êàêèå-òî ñëó÷àéíûå òàêòè÷åñêèå øàíñû.} 34. Nc7 Bd7 35. Na6 Ke8 36. Re1
f6 37. Re3 Kd8 {Êîðîëü âñòàë ïåðåä ïåøêîé, ïóíêò d7 èñïîëüçóþò êàê
ïåðåâàëî÷íûé ÷¸ðíûå êîíü è ñëîí. Ó Àðîíÿíà óæå íå òîëüêî ìàòåðèàëüíûé, íî è
ïîçèöèîííûé ïåðåâåñ.} 38. Bd5 Rd2 39. Nc7 Bf5 40. Kf4 g6 41. Rc3 Kd7 {
Ïåøêà d6 îáðå÷åíà!} 42. Ke3 {
Áåëûì íåâûãîäåí ðàçìåí ëàäåé, íî è óêëîíåíèå îò íåìíîãèì ëó÷øå.} Rd3+ 43. Rxd3
Bxd3 44. Be4 {Òåéìóð èùåò øàíñû â êîíåâîì ýíäøïèëå. Êîíå÷íî, îí ïðîèãðàí äëÿ
áåëûõ, íî êîíü - ëþáèìàÿ ôèãóðà òàêòèêîâ, ïðûãó÷ è èçâîðîòëèâ, òàê ÷òî
êàêèå-òî øàíñû ìîãóò è íàéòèñü.} Bxe4 {
Ìîæíî áûëî è îòñòóïèòü ñëîíîì, ñêàæåì, íà f1. Íî Ëåâîí ïðèíöèïèàëåí.} 45. Kxe4
Kxd6 46. Nb5+ Kc5 47. Nxa7 Nc4 48. a4 ({Ïðîäîëæåíèå} 48. Nc8 Nxa3 49. Ne7 Kc4
50. Nxg6 b5 {íå îñòàâëÿëî áåëûì øàíñîâ íà ñïàñåíèå.} {
Âîçìîæåí òàêîé âàðèàíò ðàçâèòèÿ ñîáûòèé -} 51. Ne7 b4 52. Nc6 Nb5 53. g4 Nd6+
54. Kf4 b3 55. Na5+ Kc3 56. Nxb3 Kxb3 57. h4 Kc4 58. g5 Kd5 59. gxh6 Ke6 60. h7
Nf7 {ñ âûèãðûøåì.}) 48... Nd6+ 49. Kd3 Kb4 50. Kd4 ({Íå ñïàñàëî} 50. Nc6+ Kxa4
51. Ne7 b5 52. Nxg6 b4 53. Nf4 b3) 50... Nf5+ 51. Kd5 Ne3+ 52. Ke6 f5 53. Nc8
Nxg2 $1 {Åäèíñòâåííûé õîä!} ({Óïóñêàëî ïîáåäó òîðîïëèâîå} 53... Kxa4 $2 54.
Nxb6+ Kb5 55. Nc8 Nxg2 ({Íå âûèãðûâàåò è} 55... f4 56. Ke5 g5 57. Nd6+ Kb4 {
ââèäó} 58. h4 $1 Nxg2 59. hxg5 hxg5 60. Ne4 g4 61. Kf5 g3 62. Nxg3 fxg3 63. Kg4
) 56. Nd6+ Kb4 57. Nxf5 $1 {è áåëûå äîáèâàþòñÿ íè÷üåé.}) 54. Nxb6 f4 55. Nd5+
Kxa4 {Íåñìîòðÿ íà óäàë,ííîñòü ÷¸ðíîãî êîðîëÿ, áåëûì íå óäà,òñÿ ñïàñòèñü!} 56.
Kf6 f3 57. Nc3+ Kb4 58. Ne4 Nh4 59. Kg7 h5 60. Kh6 Kc4 61. Kg5 Kd3 62. Ng3 Nf5
63. Nh1 Ne7 64. Kf6 Ke2 65. h4 Kf1 $1 {È ëèäåð ïðèçíàë ñâî, ïîðàæåíèå.} 0-1

[Event "Corus Wijk aan Zee"]
[Site " Wijk aan Zee"]
[Date "2007.01.21"]
[Round "8"]
[White "GM Topalov, Veselin (BUL)"]
[Black "GM Anand, Viswanathan (IND)"]
[Result "1-0"]
[WhiteElo "2783"]
[BlackElo "2779"]
[Annotator "Ñåðãåé Øèïîâ (îíëàéí)"]
[PlyCount "69"]
[EventDate "2007.01.??"]
[EventType "tourn"]
[EventCountry "NED"]
[EventCategory "19"]
[Source "CrestBook.com"]

{Çäðàâñòâóéòå, óâàæàåìûå ÷èòàòåëè ñàéòà www.crestbook.com ! Ãðîññìåéñòåð
Ñåðãåé Øèïîâ ñíîâà çàñòóïàåò íà òðóäîâóþ âàõòó...  âíîâü ïðèõîäèòñÿ ãîâîðèòü
î ñåáå â òðåòüåì ëèöå, ÷òîáû ñäåëàòü áîëåå ðåäêèì óïîòðåáëåíèå ïîñëåäíåé
áóêâû àëôàâèòà. Òàê âîò, ìû ñ íèì âíîâü íà÷èíàåì îíëàéí-òðàíñëÿöèþ ñ
ñóïåðòóðíèðà Âåéê-àí-Çåå 2007. Ñåãîäíÿ ó ãðîññìåéñòåðîâ ñàìûé ñëîæíûé äåíü -
êîëè÷åñòâî áóäíåé â ïðîöåíòíîì îòíîøåíèè äîñòèãàåò ìàêñèìóìà. Âîñåìü ïàðòèé
çà äåâÿòü äíåé! Äàëåå ãðàôèê áóäåò ïîëåã÷å. Èì áû äåíü ïðîñòîÿòü, äà íî÷ü
ïðîäåðæàòüñÿ.... Ïðåäñòàâëÿþ ñåáå, íàñêîëüêî òÿæåëî ñåé÷àñ Âèøâàíàòàíó
Àíàíäó! Ïîñëåäíèå äâå ïàðòèè äîñòàâèëè åìó íåìàëî îãîð÷åíèé. È â êà÷åñòâå
äîïîëíèòåëüíîãî áëèíà íà øòàíãó îí ïîëó÷èë ïðàâî ñûãðàòü ÷¸ðíûìè ñ ëèäåðîì
ìèðîâîãî ðåéòèíãà, êîòîðûé, êñòàòè, âíîâü âûõîäèò íà ïèê ôîðìû. Â÷åðàøíÿÿ
ïîáåäà íàä Ïîíîìàð,âûì çíà÷èòåëüíî ïîâûñèëà øàíñû Òîïàëîâà íà ïåðâûé ïðèç. Äî
ëèäåðà óæå ðóêîé ïîäàòü...  Â 8-ì òóðå òàêæå èãðàþòñÿ ïàðòèè Ìîòûë,â -
Ñâèäëåð, Êðàìíèê - Êàðëñåí, Ðàäæàáîâ - Àðîíÿí, Òîïàëîâ - Àíàíä, Âàí Âåëè -
Ïîíîìàð,â, Êàðÿêèí - Íàâàðà, Øèðîâ - Òèâÿêîâ.} 1. d4 {Ïðåäñêàçóåìûé âûáîð.} Nf6
2. c4 e6 {Êàêîé êîíü áåëûõ ïåðâûì âûéäåò â ñâåò?} 3. Nf3 {
Òîïàëîâ âåðåí ñåáå. Çàùèòó Íèìöîâè÷à îí ïî÷òè íå ïðèìåíÿåò.} b6 {Íîâîèíäèéñêà
ÿ çàùèòà. Ñîïåðíèêè óæå ìíîãî ðàç âîåâàëè â ýòîì äåáþòå...  ×åãî ñòîèò
òîëüêî èõ çðåëèùíàÿ áèòâà íà ÷åìïèîíàòå ìèðà Ñàí Ëóèñ 2005!} 4. g3 Ba6 5. b3
Bb4+ 6. Bd2 Be7 7. Bg2 c6 8. Bc3 d5 9. Ne5 Nfd7 10. Nxd7 Nxd7 11. Nd2 O-O 12.
O-O {Âåñåëèí è Âèøè ìîëíèåíîñíî èñïîëíÿþò äàâíî èçâåñòíûå õîäû.} Nf6 ({
Äàâàéòå âñïîìíèì ÿðêóþ ñòðàíèöó ñëàâíîãî ïðîøëîãî -} 12... Rc8 13. e4 c5 14.
exd5 exd5 15. dxc5 dxc4 16. c6 cxb3 17. Re1 b2 18. Bxb2 Nc5 19. Nc4 Bxc4 20.
Qg4 Bg5 21. Qxc4 Nd3 22. Ba3 Nxe1 23. Rxe1 Re8 24. Rxe8+ Qxe8 25. Bd5 {
- áåëûå ïîëó÷èëè ìîùíóþ êîìïåíñàöèþ çà êà÷åñòâî è äàæå äîáèëèñü âûèãðàííîé
ïîçèöèè, íî â èòîãå óïóñòèëè ïîáåäó, Òîïàëîâ - Àíàíä, Ñàí Ëóèñ, 2005.]}) 13. e4
{Áåëûå âñêðûâàþò öåíòð è ðàñ÷èùàþò áîëüøóþ äèàãîíàëü äëÿ ñëîíà g2.} dxe4 {
Ñêðîìíûé îòâåò} ({Íåêîãäà ñàìîå ïîïóëÿðíîå ïðîäîëæåíèå} 13... b5 {òåïåðü ïîòåðÿ
ëî ñâî, ëèäåðñòâî. Ïðè÷åì, èìåííî ãåðîè ñåãîäíÿøíåãî îíëàéíà - ãëàâíûå
âèíîâíèêè ýòîãî èçìåíåíèÿ! Áåëûå âî âñåõ âàðèàíòàõ óñïåøíî æåðòâóþò
êà÷åñòâî!  Âîò ïåðâûé âàðèàíò:} 14. exd5 exd5 ({Âòîðîé âàðèàíò -} 14... cxd5 {
, íî è çäåñü áåëûå ìîãóò èãðàòü òâîð÷åñêè -} 15. c5 $1 b4 16. Bxb4 Bxf1 17.
Bxf1 e5 18. Bc3 a5 19. a3 Ne4 20. Nxe4 dxe4 21. b4 axb4 22. axb4 Rxa1 23. Qxa1
Qd5 24. dxe5 Ra8 25. Qc1 Ra2 26. Qe3 Rc2 27. Qd4 Qxd4 28. Bxd4 Kf8 29. h4 Ke8
30. e6 $1 {è â îêîí÷àíèè êîçûðè áåëûõ îêàçàëèñü âåñîìåå, Àíàíä - Àäàìñ,
Âåéê-àí-Çåå, 2006.]}) 15. Re1 Rb8 16. c5 Bc8 17. Nf3 Ne4 18. Rxe4 dxe4 19. Ne5
Qd5 20. Qe1 Bf5 21. g4 Bg6 22. f3 b4 23. fxe4 Qe6 24. Bb2 Bf6 25. Nxc6 Qxc6 26.
e5 Qa6 27. exf6 Rfe8 28. Qf1 Qe2 29. Qf2 Qxg4 30. h3 Qg5 31. Bc1 Qh5 32. Bf4
Rbd8 33. c6 {è áåëûå äîáèëèñü ïîäàâëÿþùåãî ïðåèìóùåñòâà, Òîïàëîâ - Àðîíÿí,
Âåéê-àí-Çåå 2006.}) 14. a4 {Ëþáîïûòíûé âûïàä! Áåëûå íàxèíàþò ïåøå÷íóþ
àòàêó íà ôåðçåâîì ôëàíãå. Ïåøêà å4 íèêóäà íå óáåæèò.} ({Â ñëó÷àå} 14. Nxe4 {
÷¸ðíûå îòíþäü íå îáÿçàíû ìåíÿòü êîíåé íà å4.}) 14... Nd5 {Ïëàíîâàÿ æåðòâà
êîíÿ! Òàê óæå èãðàëè. Ïàññèâíàÿ îáîðîíà ïðèâåëà áû ÷¸ðíûõ ê òðóäíîé ïîçèöèè.
Ïîýòîìó îíè èãðàþò íà ïåðåõâàò èíèöèàòèâû!} 15. cxd5 Bxf1 16. d6 {Âàæíûé ïðîìå
æóòî÷íûé õîä. Íåëüçÿ áûëî ïîçâîëèòü ÷¸ðíûì âûñòðîèòü ìîíîëèòíóþ ïåøå÷íóþ
ñòåíó â öåíòðå.} Bxg2 17. dxe7 Qxe7 18. Kxg2 f5 {Èòàê, ôîðñèðîâàííàÿ ñåðèÿ
õîäîâ çàêîí÷åíà. Ìàòåðèàëüíîå ñîîòíîøåíèå - ëàäüÿ è äâå ïåøêè çà ïàðó ëåãêèõ
ôèãóð - áëàãîïðèÿòíî äëÿ ÷¸ðíûõ. Îäíàêî, ïîêà ôåðçè îñòàþòñÿ íà äîñêå
óäåëüíûé âåñ ïåøåê íåâåëèê. Â ìèòòåëüøïèëå øàíñû áåëûõ íåñêîëüêî âûøå. ÷¸ðíûå
ëàäüè ïîêà íå èìåþò îòêðûòûõ äîðîã â áåëûé ëàãåðü...} ({
Â ñëåäóþùåé ïàðòèè áåëûå äåéñòâîâàëè íåóäà÷íî -} 18... Rad8 19. Qe2 ({
èíòåðåñíî ïðîâåðèòü} 19. Qe1 $5 f5 20. Nc4 c5 21. dxc5 bxc5 22. b4) 19... f5
20. Nc4 c5 21. Qe3 cxd4 22. Bxd4 Rd5 23. Ne5 Qd6 24. Nc4 Qd8 25. Bb2 Rd3 26.
Qf4 Rxb3 27. Ba3 Rf7 28. Qe5 h6 29. Nd6 Rf6 30. Rc1 Kh7 31. Rc3 Rxc3 32. Qxc3
Qd7 33. Qd4 Qc6 34. Kf1 e3 $1 {- ÷¸ðíûå ïåðåõâàòèëè èíèöèàòèâó è âñêîðå
ïîáåäèëè  (Ìàòòèåñåí - Øàíäîðô, Äàíèÿ, 2002).}) 19. b4 $146 {
Íîâèíêà! Áåëûå ïûòàþòñÿ ïðåäîòâðàòèòü âñêðûòèå öåíòðàëüíûõ âåðòèêàëåé...} ({
Ïàðòèÿ-ïðåäøåñòâåííèöà ïðîòåêàëà â î÷åíü èíòåðåñíîé áîðüáå:} 19. Nc4 Rad8 20.
Ra2 Rd5 21. Ne3 Rd7 22. Rd2 f4 23. gxf4 Rxf4 24. Qh5 Rd8 25. Rc2 Rdf8 26. Be1
Qf6 27. Qe5 Qf7 28. b4 Rf3 29. Re2 Rf4 30. Kf1 Qg6 31. Rc2 Qh6 32. Ke2 Qxh2 33.
Kd1 Qh1 34. Qxe6+ Kh8 35. Qxc6 h6 36. d5 Rxf2 37. Rxf2 Rxf2 38. Qc8+ Kh7 39.
Qg4 h5 40. Qg3 Ra2 41. d6 Ra1+ 42. Kd2 Rxe1 43. Qxe1 {
è ñîïåðíèêè ñîãëàñèëèñü íà íè÷üþ, Øàøèêèðàí - Ìîòûëåâ, Ìîñêâà, 2006.}) 19...
Qd7 {Âèøè ïåðåâîäèò ôåðçÿ íà d5.} ({Òåïåðü íà} 19... c5 {
åñòü ñèëüíîå âîçðàæåíèå} 20. dxc5 bxc5 21. b5 $1 {
è áåëûå â ïåðñïåêòèâå ïîëó÷àò ìîùíóþ ïðîõîäíóþ íà ôåðçåâîì ôëàíãå.}) 20. Qe2
{Ïîêà ïåøêà å4 ïîä óäàðîì, ïðîðûâ f5-f4 äëÿ áåëûõ íå îïàñåí.} Qd5 21. f3 {
Ñìåëî ñûãðàíî! Òîïàëîâ óáèðàåò ïåøêó å4, ÷òîáû ìîæíî áûëî îêêóïèðîâàòü ïóíêò
å5 èëè àòàêîâàòü îòñòàëóþ ïåøêó å6.} exf3+ 22. Nxf3 {Êàê óæå áûëî ñêàçàíî, ñ
èäåéíîé òî÷êè çðåíèÿ ðàçìåí ôåðçåé â ïîäîáíûõ ñèòóàöèÿõ áåëûì íåâûãîäåí. À
âîò êîíêðåòíûå îáñòîÿòåëüñòâà íàäî îöåíèâàòü â êàæäîé ïîçèöèè îòäåëüíî... Ïîêà
íå âèäíî, êàê ÷¸ðíûå ìîãóò àêòèâèçèðîâàòü ñâîè ëàäüè.} h6 {Åñëè íå âèäèøü
ÿñíîãî ïëàíà - äåëàé êîðîòêèå ïîëåçíûå õîäû! Íè÷åãî íå ìåíÿé, æäè äåéñòâèé
ñîïåðíèêà.} ({Íà} 22... f4 {áåëûå îòâåòÿò} 23. g4 $1) ({À íà} 22... g5 {
ïðîñòî îòâåäóò êîðîëÿ íà f2} 23. Kf2 {À âîò ó áåëûõ åñòü ÿñíàÿ èãðà ïî öåíòðó.}
) 23. Re1 {
Ïåøêà å6 àòàêîâàíà. Ïðèäåòñÿ ÷¸ðíûì ïàññèâíî ðàñïîëîæèòü îäíó èç ëàäåé.} Rfe8
{Èòàê, àòàêà ÷¸ðíûõ íà êîðîëåâñêîì ôëàíãå óæå íåâîçìîæíî. Âèäèìî, Âèøè
íàäååòñÿ âñ¸ æå âñêðûòü èãðó íà ïðîòèâîïîëîæíîì êðàþ äîñêè.} 24. Qc2 {
Åùå îäíî ëîãè÷íîå ðåøåíèå - Âåñåëèí îñâîáîæäàåò ëàäüå äîðîãó íà å5. Âàæíî
ñîãíàòü âðàæåñêîãî ôåðçÿ ñ ãîñïîäñòâóþùåé âûñîòû â öåíòðå. Ïåðåâåñ áåëûõ íà
âûõîäå èç äåáþòà ñòàíîâèòñÿî÷åâèäíûì!} Rad8 {×¸ðíûå ëàäüè ñòîÿò êðàñèâî -
íî ïîêà ó íèõ íåò îñîáûõ ïåðñïåêòèâ. Ïðîáèòü ïóíêò d4 (è óæ òåì áîëåå
ñîáñòâåííóþ ïåøêó å6!) ÷¸ðíûå íå ñìîãóò. Âèäèìî, Àíàíä íàìåðåí ñìåíèòü íà d5
÷àñîâîãî - ÷òîáû ðàçìåíÿòü ïàðó ëàäåé.} 25. Bd2 {Âïðî÷åì, íàëè÷èå ïåøêè íà
d4 è áåëûì äîñòàâëÿåò íåêîòîðîå íåóäîáñòâî. Èõ ñëîí ïîêà ñàì ñåáÿ ÷óñòâóåò
ïåøêîé. Âåñåëèí ñòàðàåòñÿ åìó ïîìî÷ü êîìàíäèðîâêîé íà f4. Ïîïóòíî îí
èñêëþ÷àåò ïîÿâëåíèå ÷,åðíîãî ôåðçÿ íà ñ4. Âèäèìî, â ïëàíå áåëûõ è âûïàä
h2-h4, ôèêñèðóþùèé êîðîëåâñêèé ôëàíã - ÷òîáû ó ÷¸ðíûõ äàæå ìûñëè ñûãðàòü
g7-g5 íå âîçíèêàëî. Íî îòñþäà âîçíèêàåò êîíòðìûñëü - îïåðåæàþùàÿ! Ïðîâåñòè
g7-g5 íåìåäëåííî.} Qd7 {Íåò, Àíàíä ñåé÷àñ íå â ñîñòîÿíèè èãðàòü àêòèâíî. Îí
ñòîëêíóëñÿ ñ ñèëüíîé ðàçðàáîòêîé ñîïåðíèêà, ÷òî ñàìî ïî ñåáå êðàéíå íåïðèÿòíî.
Ïëþñ ïñèõîëîãè÷åñêèé äèñêîìôîðò ïîñëå ïðîøëûõ íåóäà÷... Ñ äðóãîé ñòîðîíû,
÷¸ðíîìó ôåðçþ âñ¸ ðàâíî ïðèä,òñÿ óáèðàòüñÿ âîñâîÿñè. Âîçìîæíî, Âèøè
ïëàíèðóåò ïåðåâåñòè åãî íà b7 - â çàñàäó. À íà d5 íàâåðíÿêà óñòàíîâèò ëàäüþ.
È äàëåå ïî÷òè íà êàæäîì õîäó íàäî áóäåò ñ÷èòàòü ïðîðûâû ñ6-ñ5 èëè äàæå å6-å5.
.. Òåì âðåìåíåì â ïàðòèè Êðàìíèê - Êàðëñåí áåëûå îòûãðàëè ïåøêó, íî ïîçâîëèëè
÷¸ðíûì óäîáíî ðàçâåðíóòü ñâîè ñèëû. Ïîçèöèÿ ïðèìåðíî ðàâíà. Ðàäæàáîâ
ïîæåðòâîâàë ïåøêó, íî åãî èíèöèàòèâà íå âûãëÿäèò îïàñíîé.} 26. Kf2 {Íåî÷åâèäíû
é ïðîôèëàêòè÷åñêèé õîä. Òîïàëîâ çàðàíåå óáèðàåò êîðîëÿ ñ îïàñíîé äèàãîíàëè.} (
{ß íà åãî ìåñòå âñå æå ñûãðàë áû} 26. h4 $5) 26... Rc8 {
Òîíêèé íàìåê íà óäàð ñ6-ñ5.} 27. Bf4 {Êîìàíäèðîâî÷íûé ïðèáûë â ïóíêò
íàçíà÷åíèÿ. Òåïåðü ó áåëûõ òðè ïðåòåíäåíòà íà ïóíêò å5! ß òàê ïîíèìàþ, ÷òî
Òîïàëîâ âñ¸ âðåìÿ ïðîâîöèðóåò ñîïåðíèêà íà àêòèâíîñòü. Íî Àíàíä íå ïîääà,òñÿ...
} Qd5 {Âûçûâàÿ íà ñâèäàíèå áåëóþ ëàäüþ.} 28. Re5 {
Êîòîðàÿ íå çàñòàâèëà ñåáÿ æäàòü.} Qd7 {
Èçÿùíûé ãðîññìåéñòåðñêèé ñïîñîá ïðåäëîæèòü íè÷üþ, íå ïðîèçíåñÿ íè çâóêà!} 29.
h4 {À âîò è óïîìÿíóòûé ôèêñèðóþùèé õîä. Òåïåðü ïîëîæåíèå ñëîíà íà f4
îáåñïå÷åíî. Êñòàòè! Åñëè ïîôàíòàçèðîâàòü, òî íà ýòîì ïîëå åùå ëó÷øå
ñìîòðåëñÿ áû áåëûé êîíü. À ñëîíà ìîæíî ðàñïîëîæèòü íà å3. Ïåøêó h4 ìîæíî áóäåò
çàäâèíóòü íà h5... Èòàê, ïðåäëàãàþ òàêóþ ïåðåñòðîéêó:  Bf4-e3, Nf3-e1-d3,
h4-h5 è Nd3-f4!} Ra8 {Âèøè ïîíèìàåò, ÷òî â ñëó÷àå ïàññèâíîé îáîðîíû åãî
íåïðåìåííî çàäóøàò, è ïîòîìó èùåò âîçìîæíîñòü ïðîðâàòüñÿ.} 30. Bd2 {âñ¸ âåðíî,
òîðîïèòüñÿ áåëûì íåêóäà. Ñàìîå ãëàâíîå - íå äàòü ÷¸ðíûì íè åäèíîãî øàíñà
àêòèâèçèðîâàòü ëàäüè.} Rac8 {Åùå îäíà ïîïûòêà óãîâîðèòü ñîïåðíèêà ïîâòîðèòü
õîäû. Ïðè÷,ì íå ìåíåå òð,õ ðàç... Ïîæàëóé, áåëûå ìîãóò ñîâåðøèòü ïåðâûé øàã
ïðåäëîæåííîé ïåðåñòðîéêè - 31.Be3!?....} 31. Qc4 {×òî æ, ýòî äîñòîéíîå ìåñòî
äëÿ áåëîãî ôåðçÿ. Ïîëåçíî ëèøíèé ðàç íàäàâèòü íà ïåøêó å6.} Kh7 {
Ðàçóìååòñÿ, Àíàíä íå çåâàåò óäàð íà f5.} 32. Bc3 {Íåîæèäàííîå âîçâðàùåíèå
äîìîé! Òàêîâà ñóäüáà âñåõ êîìàíäèðîâî÷íûõ. Ïîåçäèë, ïîãóëÿë - è äîìîé, ê æåíå.
.. Íó, à åñëè ñåðü¸çíî - Òîïàëîâ ðåøèë íà äàííîì îòðåçêå áîðüáû èñêëoþ÷èòü
ïîäðûâ a7-a5. Âèäèìî, îí âñ¸ æå íàìåðåí ïåðåâåñòè êîíÿ ñ f3 íà ... ïîñìîòðèì,
êóäà èìåííî. Çàìàí÷èâåå ïîëÿ, ÷åì íà f4, ÿ íå âèæó.} Qd6 {
Àíàíäó îñòàåòñÿ ëèøü ñòîÿòü è æäàòü ïðèëèâà.} 33. Ne1 {Èäåò ïî íàìå÷åííîìó
ìàðøðóòó! ß âñ¸ æå äóìàë, ÷òî ñëîíó ñòîèëî îñòàâàòüñÿ íà äèàãîíàëè c1-g5,
÷òîáû êîíòðîëèðîâàòü êîðîëåâñêèé ôëàíã. Íî Âåñåëèíó ìîè ñòðàõè íåâåäîìû.} b5 {
Ïîñëåäíÿÿ... èëè ïðåäïîñëåäíÿÿ ïîïûòêà âûðâàòüñÿ èç òèñêîâ. È âìåñòå ñ òåì -
íîâîå îñëàáëåíèå ïîçèöèè. Ïóíêò c5 îáíàæåí, ïåøêà ñ6 ñòàëà ñëàáîé. Ó Àíàíäà
ÿâíî êîí÷èëîñü òåðïåíèå! Ñåé÷àñ Òîïàëîâ ìîæåò õîëîäíî îòñòóïèòü ôåêðçåì íà
b3, óâåëè÷èâàÿ ñâîé è áåç òîãî çàìåòíûé ïîçèöèîííûé ïåðåâåñ.} 34. Qc5 {
×òî æ, â óñëîâèÿõ ïîâûøåííîé äûðÿâîñòè ïîçèöèè ÷¸ðíûõ è ïåðåõîä â îêîí÷àíèå
âûãîäåí äëÿ áåëûõ.} Qd8 {
Âèøè ÿâíî íàìåðåí ïðîðâàòüñÿ íà êîðîëåâñêîì ôëàíãå ïóòåì g7-g5.} ({Ïîñëå} 34...
Qxc5 35. Rxc5 bxa4 36. Nd3 g5 37. h5 $1 {×¸ðíûå îêàçûâàëèñü â ïîëíîì ïàðòåðå.
Íåò íè åäèíîãî øàíñà ïåðåõâàòèòü èíèöèàòèâó!}) 35. Nd3 {Áåëûå ïëàíîìåðíî
óñèëèâàþò ñâîå ïîëîæåíèå. Èõ ïåðåâåñ â öåíòðå ñòàíîâèòñÿ ïîäàâëÿþùèì. Îíè
ñîçäàëè ñòðàøíóþ ïîçèöèîííóþ óãðîçó Nd3-f4 è h4-h5, ïîñëå÷åãî óïàêîâêà
ïîçèöèè ÷¸ðíûõ áóäåò çàâåðøåíà.} ({Íà (ïîñëå} 35. Nd3 {)} g5 {
áåëûå ìîãóò îòâåòèòü æåñòîêèì óäàðîì} 36. Rxf5 $1 {
(ðàçóìååòñÿ, ýòî íå åäèíñòâåííîå ðåøåíèå)} exf5 37. Qxf5+ Kg8 38. Qg6+ Kf8 39.
d5 $1 {ñ íåîòðàçèìîé àòàêîé. ×..ÐÍÛÅ ÑÄÀËÈÑÜ! Àíàíä ïðîñòî ðóõíóë ïîä
òÿæåñòüþ ïåðåæèòîãî... Íå ñìîã âîññòàíîâèòüñÿ, íå óãàäàë â äåáþòå, íå
ïðîÿâèë ñâîåé ïðèâû÷íîé èçîáðåòàòåëüíîñòè â îáîðîíå. Â çàêëþ÷èòåëüíîé
òÿæåëåéøåé ïîçèöèè Âèøè ìîã áû åù¸ ñîïðîòèâëÿòüñÿ, íî ñèë ó íåãî óæå íå
îñòàëîñü. Èãðà Òîïàëîâà çàñëóæèâàåò ñàìîé âûñøåé ïîõâàëû.}) 1-0